Statistics for taylor swift song association - #2 (weird words)

Click here to take the quiz!

General Stats

  • This quiz has been taken 36 times
  • The average score is 5 of 10

Answer Stats

wordsong% Correct
antitheticalHits Different
74%
self-effacingAll Too Well
70%
gauchethe last great american dynasty
67%
calamitousthe lakes
59%
matinéethe one
56%
contrariangold rush
44%
pedigreeI Bet You Think About Me
44%
precipicelong story short
37%
ingénueNothing New
30%
happenstanceGlitch
26%

Score Distribution

Percentile by Number Answered

Percent of People with Each Score

Your Score History

You have not taken this quiz